| 000 | 01012nam a2200253Ia 4500 | ||
|---|---|---|---|
| 003 | PE SENCICO BE | ||
| 005 | 20251020182435.0 | ||
| 008 | 200515s9999 xx 000 0 und d | ||
| 040 |
_aPE SENCICO BE _cPE SENCICO BE |
||
| 041 | _aspa | ||
| 082 |
_a378.013 _bH28 |
||
| 100 | 1 |
_aHaya de la Torre, Raúl _93057 _eautor |
|
| 245 | 1 | 0 |
_aLa orientación profesional y académica en la formación profesional técnica / _cRaúl Haya de la Torre |
| 250 | _a1a ed. | ||
| 260 |
_aLima : _bFORTEPE ; _c2001 |
||
| 300 |
_a71 páginas : _btablas ; _c24 cm. |
||
| 490 | _aPlan de formación del profesorado | ||
| 500 | _aEn la cubierta: Programa marco de formación profesional tecnológica y pedagógica en Perú | ||
| 505 | 0 | _aIdentificación de la información sobre el mundo del trabajo -- Respuesta del IST a las necesidades de calificación y empleabilidad | |
| 650 | 1 | 0 |
_aFormación profesional _91311 |
| 650 | 2 | 0 |
_aFormación técnica _93058 |
| 650 | 2 | 0 |
_aOrientación profesional _91354 |
| 942 |
_cLIB _2ddc |
||
| 999 |
_c375 _d375 |
||